| 000 | 01056 a2200133 4500 | ||
|---|---|---|---|
| 001 | 127514 | ||
| 020 | _a9788539501199 | ||
| 040 | _cEscola Canadense de Niteroi | ||
| 090 | _aT2 | ||
| 100 | _aWhitfileld, Peter | ||
| 245 | 1 | 0 | _aTurma da Sabedoria para cima e para baixo |
| 520 | _aO Macaco anda muito nervoso: não consegue encontrar nada legal para fazer! Então, para acabar com o mau humor que sente por estar sem atividades, ele decide pedir ajuda para a sábia Clara Cascuda. E não é que a Clara acalma o amigo? Mas será que, com a cabeça tranquila, o Macaco vai começar a enxergar as coisas boas que podemos fazer todos os dias? Venha descobrir! As histórias da Turma da Sabedoria são baseadas em fábulas clássicas, apresentadas no final de cada livro, e tratam de princípios e valores muito importantes em nossas vidas! Com situações interessantes e singelas, a Turma da Sabedoria diverte e deixa recados positivos e práticos na cabeça e no coração de quem acompanha as aventuras desse grupo maravilhoso e encantador! | ||
| 942 | _cBK | ||
| 999 |
_c127514 _d127514 |
||